000 01261nam a2200325Ia 4500
005 20220316235429.0
008 121119s2002 ck a gr 000 j spa
020 _a9583003301
041 1 _aspa
100 1 _aPerrault, Charles
_d1628-1703
245 1 0 _aCenicienta y otros cuentos
_cCharles Perrault ; traducido por David Cherician ; ilustrado por Rocío Parra
250 _aPrimera edición
300 _a164 páginas
_bilustraciones
_c15 cm
490 0 _aCajón de cuentos
505 0 _aLos deseos ridículos; La bella durmiente del bosque; Maese gato o el gato con botas; Cenicienta o la zapatilla de cristal; Pulgarcito.
650 1 4 _aAutores franceses
_ySiglo XVII
_2LEMB
650 1 4 _aCuentos clásicos
_ySiglo XVII
_2LEMB
650 1 4 _aLectores en marcha
_ySiglo XVII
_2LEMB
650 1 4 _aLiteratura Infantil
_ySiglo XVII
_2LEMB
650 1 4 _aFantasía en la literatura
_ySiglo XVII
_2LEMB
700 1 _aParra P., Rocío
_dilustrador
_937341
700 1 _aChericián, David
_etraductor
_937342
942 _2loc
_cBKLIT
264 _aBogotá
_bPanamericana
_c2002
336 _atexto
_btxt
_2rdacontent
337 _asin mediación
_bn
_2rdamedia
338 _avolumen
_bnc
_2rdacarrier
040 _aCO-BoRNBP
_bspa
_erda
_cCO-BoRNBP
084 _aC PER2
999 _c937
_d937